00848 2200313 4500001002100000005001500021035002000036007000300056040001600059100002400075245005500099250001300154300004300167504002600210020001800236041000800254082000800262084001400270090001800284264003800302336002100340337003000361338002300391650003500414850001000449008004100459990001700500990001700517INLIS00000000000449420260525113542 a0010-0122000126ta aSPBUPDbind0 aSuprantoePengarang1 aMetode penelitian hukum dan statistik /cSupranto a.-Cet. 1 avii,262 hal. :billus. ;c23,5x15,5 cm aBibliografi, hlm 262 a979-518-886-0 aind a310 a310 SUP m a310 SUP m 6-8 a.--Jakarta :bRineka Cipta,c2003 2rdacontentaTeks 2rdamediaaTanpa Perantara 2rdacarrieravolume 4apenelitian hukum dan statistik aPUPAD260525 0  a1497/Br/2014 a1496/Br/2014